Estimation in linear models /

Bibliographic Details
Main Author: Lewis, T. O. (Truman Orville), 1928-
Other Authors: Odell, Patrick L., 1930-
Format: Book
Language:English
Published: Englewood Cliffs, N.J. : Prentice-Hall, [1971]
Series:Prentice-Hall electrical engineering series.
Subjects:

MARC

Tag First Indicator Second Indicator Subfields
LEADER 00000cam a2200000 4500
001 in00001089021
005 20150929204624.0
008 710716s1971 nju b 001 0 eng
010 |a  74149973  
020 |a 0132899671  |c $11.00 
035 |a (OCoLC)00150184 
035 |9 AFT4640AM 
040 |a DLC  |c DLC  |d m.c.  |d TXA  |d UtOrBLW 
049 |a TXAM 
050 0 0 |a QA276.8  |b .L48 
082 0 |a 519.5/4 
100 1 |a Lewis, T. O.  |q (Truman Orville),  |d 1928- 
245 1 0 |a Estimation in linear models /  |c [by] T. O. Lewis [and] P. L. Odell. 
264 1 |a Englewood Cliffs, N.J. :  |b Prentice-Hall,  |c [1971] 
300 |a xi, 193 pages ;  |c 24 cm. 
336 |a text  |b txt  |2 rdacontent 
337 |a unmediated  |b n  |2 rdamedia 
338 |a volume  |b nc  |2 rdacarrier 
490 1 |a Prentice-Hall electrical engineering series 
504 |a Bibliography: pages 177-190. 
650 0 |a Estimation theory. 
650 0 |a Linear models (Statistics) 
700 1 |a Odell, Patrick L.,  |d 1930- 
830 0 |a Prentice-Hall electrical engineering series. 
999 |a MARS 
999 f f |s be27076b-514c-3908-b0d0-37534a76015d  |i 4f8090dd-a3dd-330b-a665-80d8d0cba317  |t 0 
952 f f |p normal  |a Texas A&M University  |b College Station  |c Sterling C. Evans Library  |d Evans: Library Stacks  |t 0  |e QA276.8 .L48  |h Library of Congress classification  |i unmediated -- volume  |m A14816603871 
998 f f |a QA276.8 .L48  |t 0  |l Evans: Library Stacks